| 000 -LEADER |
| fixed length control field |
01446nam a2200265 a 4500 |
| 008 - FIXED-LENGTH DATA ELEMENTS--GENERAL INFORMATION |
| fixed length control field |
940707s1949 pauac 000 0 eng d |
| 100 ## - MAIN ENTRY--AUTHOR'S NAME |
| Author's Name |
National Philatelic Museum |
| 245 10 - TITLE STATEMENT |
| Title |
United States stamp exhibition, possessions and administrative issues : |
| Remainder of title |
October 15-December 14, 1949 : comprising Canal Zone, Cuba, Guam, Philippines, Puerto Rico and Danish West Indies, Kingdom of Hawaii : featuring the first gubernatorial election of Puerto Rico / |
| Statement of responsibility, etc. |
under sponsorship of Eleanor Roosevelt, William H. Hastie ; United States Possessions Stamp Exhibition Committee, Hans Lagerloef ... [et al.] ; National Philatelic Museum Exhibition Committee, Donald M. Steele ... [et al.]. |
| 260 ## - PUBLICATION, DISTRIBUTION, ETC. (IMPRINT) |
| Place of publication, distribution, etc. |
[Philadelphia : |
| Name of publisher, distributor, etc. |
National Philatelic Museum, |
| Date of publication, distribution, etc. |
1949] |
| 490 0# - SERIES STATEMENT |
| Series statement |
Official bulletin / National Philatelic Museum ; |
| Volume/sequential designation |
v. 1, no. 11 |
| 500 ## - GENERAL NOTE |
| General note |
Cover title: U.S. possessions stamp exhibition, featuring first gubernatorial election in Puerto Rico. |
| 650 #0 - TOPICAL TERM (Tag) |
| Topical term or geographic name |
Postage stamps |
| Geographic subdivision |
United States |
| 650 #0 - TOPICAL TERM (Tag) |
| Topical term or geographic name |
Postage stamps |
| Geographic subdivision |
Cuba |
| 650 #0 - TOPICAL TERM (Tag) |
| Topical term or geographic name |
Postage stamps |
| Geographic subdivision |
Philippines |
| 650 #0 - TOPICAL TERM (Tag) |
| Topical term or geographic name |
Postage stamps |
| Geographic subdivision |
Puerto Rico |
| 650 #0 - TOPICAL TERM (Tag) |
| Topical term or geographic name |
Stamp collecting |
| Geographic subdivision |
United States |
| 650 #0 - TOPICAL TERM (Tag) |
| Topical term or geographic name |
Stamp collecting |
| Geographic subdivision |
Cuba |
| 650 #0 - TOPICAL TERM (Tag) |
| Topical term or geographic name |
Stamp collecting |
| Geographic subdivision |
Philippines |
| 650 #0 - TOPICAL TERM (Tag) |
| Topical term or geographic name |
Stamp collecting |
| Geographic subdivision |
Puerto Rico |
| 700 1# - SECONDARY AUTHOR, EDITOR OR ILLUSTRATOR |
| Personal Name |
Roosevelt, Eleanor, |
| 700 1# - SECONDARY AUTHOR, EDITOR OR ILLUSTRATOR |
| Personal Name |
Hastie, William, |
| 700 1# - SECONDARY AUTHOR, EDITOR OR ILLUSTRATOR |
| Personal Name |
Lagerloef, Hans. |
| 700 1# - SECONDARY AUTHOR, EDITOR OR ILLUSTRATOR |
| Personal Name |
Steele, Donald M. |